[Event "Carlos Torre Memorial op 33rd"]
[Site "Merida"]
[Date "2023.12.18"]
[Round "7"]
[White "Tristan, Leonardo"]
[Black "Barrientos Chavarriaga, Sergio E"]
[Result "1-0"]
[WhiteElo "2513"]
[BlackElo "2441"]
[PlyCount "47"]
[EventDate "2023.12.15"]
[EventType "swiss"]
[EventRounds "9"]
[EventCountry "MEX"]
[SourceTitle "CB52_2023"]
[SourceDate "2023.12.27"]
[SourceVersion "1"]
[SourceVersionDate "2023.12.27"]
[SourceQuality "1"]

1. d4 Nf6 2. c4 e6 3. Bf4 c5 4. d5 exd5 5. cxd5 d6 6. Nc3 a6 7. a4 g6 8. h3 Bg7 9. e3 0-0 10. Nf3 Qe7 11. Nd2 Nbd7 12. Be2 Rb8 13. 0-0 Ne8 14. a5 Nc7 15. Bh2 b5 16. axb6 Nxb6 17. Nde4 Be5 18. Nxc5 Bxh2+ 19. Kxh2 Nbxd5 20. Nxa6 Bxa6 21. Bxa6 Qe5+ 22. Kg1 Rxb2 23. Nxd5 Qxd5 24. Qc1 1-0

[Event "Sabaneta op-A 2nd"]
[Site "Sabaneta Antioquia"]
[Date "2023.06.29"]
[Round "2"]
[White "Barrientos Chavarriaga, Sergio E"]
[Black "Betancourt Giraldo, David Rogelio"]
[Result "1-0"]
[WhiteElo "2475"]
[BlackElo "2054"]
[PlyCount "59"]
[EventDate "2023.06.28"]
[EventType "swiss"]
[EventRounds "9"]
[EventCountry "COL"]
[SourceTitle "CBM 215 Extra"]
[Source "ChessBase"]
[SourceDate "2023.09.30"]
[SourceVersion "1"]
[SourceVersionDate "2023.09.30"]
[SourceQuality "1"]

1. e4 e5 2. Nf3 d6 3. d4 Nf6 4. dxe5 Nxe4 5. Qd5 Nc5 6. Bg5 Be7 7. exd6 Qxd6 8. Nc3 Ne6 9. Bxe7 Qxe7 10. 0-0-0 c6 11. Qe4 Nd7 12. Bc4 Nf6 13. Qh4 Bd7 14. Rhe1 0-0-0 15. Ne4 Kb8 16. Nd6 Bc8 17. Qg3 Ka8 18. Qxg7 Rhg8 19. Qxf7 Qxf7 20. Nxf7 Rxd1+ 21. Rxd1 b5 22. Bxe6 Bxe6 23. Rd6 Bxf7 24. Rxf6 Bd5 25. g3 Kb7 26. b3 Re8 27. Kd2 b4 28. Ne1 Kb6 29. Nd3 a5 30. h4 1-0

[Event "COL-ch"]
[Site "Cartagena"]
[Date "2023.06.11"]
[Round "7"]
[White "Garzon Camelo, Andres Santiago"]
[Black "Barrientos Chavarriaga, Sergio E"]
[Result "0-1"]
[WhiteElo "1957"]
[BlackElo "2475"]
[PlyCount "98"]
[EventDate "2023.06.08"]
[EventType "swiss"]
[EventRounds "9"]
[EventCountry "COL"]
[SourceTitle "CBM 215 Extra"]
[Source "ChessBase"]
[SourceDate "2023.09.30"]
[SourceVersion "1"]
[SourceVersionDate "2023.09.30"]
[SourceQuality "1"]

1. d4 Nf6 2. Bf4 e6 3. e3 c5 4. c3 b6 5. Bd3 cxd4 6. exd4 Bb7 7. Nf3 Be7 8. 0-0 0-0 9. Nbd2 d6 10. h3 Nbd7 11. Qe2 a6 12. a4 Qc7 13. Bh2 Rfe8 14. Rfe1 h6 15. Ne4 Nxe4 16. Bxe4 Bxe4 17. Qxe4 Nf6 18. Qd3 Qb7 19. Nd2 b5 20. axb5 axb5 21. Qf3 d5 22. Be5 Ra4 23. Bxf6 Bxf6 24. Nb3 Qa7 25. Qd1 Ra8 26. Qc2 Be7 27. Rxa4 bxa4 28. Nd2 Rc8 29. Nf3 a3 30. Ra1 Qa5 31. Ne5 Bd6 32. Nd3 Qc7 33. Rc1 axb2 34. Qxb2 Qc4 35. Qd2 Ra8 36. f4 Ra2 37. Rc2 Ra1+ 38. Rc1 Ra3 39. Ne5 Qa6 40. Rb1 Ra2 41. Qe3 Rxg2+ 42. Kxg2 Qa2+ 43. Kg3 Qxb1 44. h4 h5 45. Nf3 Qf5 46. Nh2 f6 47. Qf3 g5 48. hxg5 fxg5 49. Kg2 Qxf4 0-1

[Event "American Continental 17th"]
[Site "Juan Dolio"]
[Date "2023.05.23"]
[Round "11"]
[White "Barrientos Chavarriaga, Sergio E"]
[Black "Supi, Luis Paulo"]
[Result "1-0"]
[WhiteElo "2479"]
[BlackElo "2603"]
[PlyCount "123"]
[EventDate "2023.05.15"]
[EventType "swiss"]
[EventRounds "11"]
[EventCountry "DOM"]
[SourceTitle "CBM 214 Extra"]
[Source "ChessBase"]
[SourceDate "2023.07.31"]
[SourceVersion "1"]
[SourceVersionDate "2023.07.31"]
[SourceQuality "1"]

1. e4 c5 2. Nf3 e6 3. d4 cxd4 4. Nxd4 a6 5. c4 Nf6 6. Nc3 Qc7 7. a3 b6 8. Be3 Bb7 9. f3 d6 10. Rc1 Be7 11. Be2 Nbd7 12. g4 h6 13. Kd2 g5 14. Kc2 Ne5 15. Kb1 Ng6 16. Qa4+ Kf8 17. Qb3 Nd7 18. Rhd1 Rc8 19. Bf1 Qb8 20. Ka2 Kg7 21. Nce2 Kf8 22. Ng3 Bf6 23. Nh5 Be5 24. h3 Ke7 25. Qb4 Ba8 26. Qd2 Nf6 27. Nxf6 Bxf6 28. Ne2 Be5 29. f4 gxf4 30. Nxf4 Nxf4 31. Bxf4 Bxf4 32. Qxf4 Rc5 33. Rc3 f6 34. Rf3 Rf8 35. Qxh6 Bxe4 36. Re3 d5 37. Bd3 Qe5 38. Rde1 Qg5 39. Qxg5 fxg5 40. Bxe4 dxe4 41. Rxe4 Rc6 42. Kb3 Rf2 43. R1e2 Rf1 44. Kb4 Rf3 45. R2e3 Rf2 46. b3 Rf1 47. a4 Rh1 48. Re5 Kf6 49. a5 bxa5+ 50. Rxa5 Rb1 51. Rf3+ Kg6 52. Re5 Rb6+ 53. Kc5 R1xb3 54. Rxe6+ Kg7 55. Rxb6 Rxf3 56. Rxa6 Rxh3 57. Re6 Rh4 58. Re4 Rh8 59. Kd6 Rd8+ 60. Ke7 Rc8 61. Kd7 Rf8 62. Re6 1-0

[Event "Titled Tuesday intern op 28th Feb Early"]
[Site "Chess.com INT"]
[Date "2023.02.28"]
[Round "6"]
[White "Turzo, Attila"]
[Black "Barrientos Chavarriaga, Sergio E"]
[Result "0-1"]
[WhiteElo "2285"]
[BlackElo "2479"]
[PlyCount "88"]
[EventDate "2023.02.28"]
[EventType "swiss (blitz)"]
[EventRounds "11"]
[EventCountry "USA"]
[SourceTitle "CBM 213 Extra"]
[Source "ChessBase"]
[SourceDate "2023.05.31"]
[SourceVersion "1"]
[SourceVersionDate "2023.05.31"]
[SourceQuality "1"]

1. e4 c6 2. d4 d5 3. exd5 cxd5 4. Bd3 Nc6 5. c3 Qc7 6. Nf3 Bg4 7. 0-0 e6 8. Re1 Bd6 9. h3 Bh5 10. Be3 Nge7 11. Nbd2 Bg6 12. Qe2 0-0 13. a3 Rae8 14. c4 Qd7 15. c5 Bc7 16. b4 a6 17. Rab1 Nf5 18. a4 e5 19. dxe5 Nxe5 20. Nxe5 Bxe5 21. Qf1 d4 22. Bg5 h6 23. Nf3 Bc7 24. Bd2 Ne3 25. Bxe3 dxe3 26. Bxg6 exf2+ 27. Qxf2 fxg6 28. b5 Rxe1+ 29. Qxe1 axb5 30. axb5 Qd5 31. Qc3 Kh7 32. Rf1 Rf5 33. Rc1 Bf4 34. Rf1 Qxc5+ 35. Qxc5 Rxc5 36. Rb1 Be3+ 37. Kh2 Rc2 38. Kg3 h5 39. h4 Kh6 40. Rb3 Bf2+ 41. Kf4 Rc5 42. Ke4 b6 43. Rb2 Bg3 44. Rb3 Rf5 0-1